| 000 | 00500nam a2200169 a 4500 | ||
|---|---|---|---|
| 005 | 20260417124339.0 | ||
| 008 | 260408s2026##################000#0#eng## | ||
| 020 |
_a9788170129868 _qhbk |
||
| 082 | 0 | 4 | _a348.5404605 SUR |
| 100 | _aMalik,Surendra | ||
| 245 | 1 | 0 |
_aSupreme Court Yearly Digest 2005 _c/Surendra Malik,Sumeet Malik |
| 250 | _a5th ed. | ||
| 260 |
_aLucknow: _bEastern book company, _c2006. |
||
| 300 |
_a1222p. _c;24cm. |
||
| 650 | _aLaws, regulations, cases of India | ||
| 942 | _cENGLISH | ||
| 999 |
_c619150 _d619150 |
||